000 01081nam a2200253 i 4500
001 181642
003 ES-MaACL
005 20251011063158.0
008 130227s1973 sp f |||| | spa d
020 _a84-500-6211-X
080 _a76 Rodríguez, A.
080 _a391(460)"17/18"(084)
100 1 _aRodríguez, Antonio,
_d1765-ca. 1823
_9148057
245 1 0 _aColección general de los trages que en la actualidad se usan en España principiada en el 1801 en Madrid /
_cla publica La Sociedad de Bibliófilos Españoles ; con una introducción por Julián Gallego.
260 _aMadrid :
_bSociedad de Bibliófilos Españoles,
_c1973.
300 _aXVII p., [117] h. de lám. ;
_c25 cm.
490 1 _aSociedad de Bibliófilos Españoles.
_aTercera época ;
_v9
650 4 _aTraje-
_zEspaña-
_yXIX.
_917621
700 1 _aGállego, Julián,
_d1919-2006
_953537
710 2 _aSociedad de Bibliófilos Españoles.
_96661
830 0 0 _aSociedad de Bibliófilos Españoles. Tercera época
_v9
_9191518
852 _aES-MaACL
_jJ-7(III-9)
999 _c181642
_d181642